000 00591nam a2200229Ia 4500
003 OSt
005 20220926040612.0
006 a|||||r|||| 00| 0
007 ta
008 220923b |||||||| |||| 00| 0 eng d
037 _cGeneral Book
040 _aRTL
_cRTL
_beng
041 _2eng
_aeng
082 _aX:97wM81, K0.1
100 _aBullock Alan
_9113086
245 0 _aLife and times of Ernest Bevin
260 _c1960
490 _vV1.
650 _aIndustrail Relations
_9283015
942 _hX:97wM81, K0.1
_cGB
_2CC
999 _c665180
_d665180